Burgos (Record no. 6345)

MARC details
000 -CABECERA
campo de control de longitud fija 00649nam a2200217 a 4500
001 - NÚMERO DE CONTROL
campo de control BRCA_6661
005 - FECHA Y HORA DE LA ÚLTIMA TRANSACCIÓN
campo de control 20190320205539.0
008 - DATOS DE LONGITUD FIJA--INFORMACIÓN GENERAL
campo de control de longitud fija 121011s1950----sp-#######---#000-0#spa-#
041 ## - CÓDIGO DE LENGUA
Código de lengua del texto/banda sonora o título independiente spa
044 ## - CÓDIGO DEL PAÍS DE LA ENTIDAD EDITORA/PRODUCTORA
Código MARC del país sp
050 #4 - SIGNATURA TOPOGRÁFICA DE LA BIBLIOTECA DEL CONGRESO
Número de clasificación DP402
Número de documento/Ítem .B8 B87
245 10 - MENCIÓN DE TÍTULO
Título Burgos
Resto del título plano guía.
260 ## - PUBLICACIÓN, DISTRIBUCIÓN, ETC.
Lugar de publicación, distribución, etc. Burgos, España
Nombre del editor, distribuidor, etc. Librería Internacional
Fecha de publicación, distribución, etc. [1950]
300 ## - DESCRIPCIÓN FÍSICA
Extensión 11 p.
Dimensiones 22 cm.
500 ## - NOTA GENERAL
Nota general Folleto inventariado por Banco de México como libro
500 ## - NOTA GENERAL
Nota general L176
651 #4 - PUNTO DE ACCESO ADICIONAL DE MATERIA--NOMBRE GEOGRÁFICO
Nombre geográfico Burgos, España
Subdivisión de forma Guías de viajeros
Subdivisión general Descripción y viajes
9 (RLIN) 16676
651 #4 - PUNTO DE ACCESO ADICIONAL DE MATERIA--NOMBRE GEOGRÁFICO
Nombre geográfico España
Subdivisión de forma Guías de viajeros
Subdivisión general Descripción y viajes
9 (RLIN) 14132
902 ## - CATALOGADOR
Iniciales GFM
942 ## - ELEMENTOS DE PUNTO DE ACCESO ADICIONAL (KOHA)
Fuente del sistema de clasificación o colocación Library of Congress Classification
Tipo de ítem Koha Libros
Holdings
Estado de retiro Estado de pérdida Estado dañado No para préstamo Localización permanente Ubicación/localización actual Fecha de adquisición Número de inventario Total de préstamos Signatura topográfica completa Código de barras Fecha visto por última vez Precio válido a partir de Tipo de ítem Koha
El ejemplar forma parte de la colección y puede ser consultado según las políticas vigentes.       Biblioteca del Museo Franz Mayer (Rogerio Casas-Alatriste) Biblioteca del Museo Franz Mayer (Rogerio Casas-Alatriste) 12/10/2011 L176   DP402 .B8 B87 (L176) 7109 22/03/2019 22/03/2019 Libros